|
|
|
|
| LEADER |
00000naa a2200000 a 4500 |
| 001 |
vtls011852261 |
| 003 |
SK-MaSNL |
| 005 |
20260302134439.0 |
| 008 |
210910|1999 xo |||||||||||||||||slo| |
| 015 |
|
|
|a SNBCL
|
| 035 |
|
|
|a (urnnbn)urn:nbn:sk:snk:ar-a0av4z
|
| 035 |
|
|
|a urn:nbn:sk:snk-aaw6zk
|
| 035 |
|
|
|a (uuid)00b771c9-30ef-479a-b527-f417ca75ea3f
|
| 040 |
|
|
|a SNKBUCL
|b slo
|c SNKBUCL
|e AACR2
|
| 041 |
|
|
|a slo
|
| 044 |
|
|
|a xo
|c SK
|
| 100 |
1 |
|
|a Bunčák, Martin
|4 aut
|9 778770
|
| 245 |
1 |
0 |
|a NOVÉ ASPEKTY PRI BUDOVANÍ NEVEREJNÝCH TELEKOMUNIKAČNÝCH SIETÍ
|c Martin Bunčák
|
| 336 |
|
|
|a text
|b txt
|c rdacontent
|
| 337 |
|
|
|a bez média
|b n
|c rdamedia
|
| 338 |
|
|
|a zväzok
|b nc
|c rdacarrier
|
| 655 |
|
7 |
|a články zo zborníkov
|2 snkbucl
|9 166140
|
| 773 |
0 |
|
|t Telekomunikácie '99
|d Bratislava : Dom techniky ZSVTS, 1999
|g S. 100-105
|z 8023304291
|
| 958 |
|
|
|a OND
|
| 958 |
|
|
|a article26
|
| 958 |
|
|
|a chapter
|
| 999 |
|
|
|c 1321921
|d 1323851
|